| 000 | 00330nam a22001217a 4500 | ||
|---|---|---|---|
| 008 | 160428b xxu||||| |||| 00| 0 eng d | ||
| 020 | _a9780721670386 | ||
| 020 | _a0721670385 | ||
| 041 | _aeng | ||
| 080 | _a618.2 | ||
| 245 |
_aPolicy and politics in nursing and health care: _cDiana J. Mason; Judith K. Leavitt; |
||
| 942 |
_2udc _cBK |
||
| 999 |
_c1641 _d1641 |
||